[Event "Internet Section 17-A"]
[Site "Dos Hermanas"]
[Date "2003.03.17"]
[Round "1"]
[White "Mahdy, Khaled"]
[Black "Anagnostopoulos, Dimitrios"]
[Result "1-0"]
[WhiteElo "2374"]
[BlackElo "2437"]
[PlyCount "97"]
[EventDate "2003.03.17"]
[EventType "swiss (blitz)"]
[EventRounds "9"]
[EventCountry "ESP"]
[SourceTitle "EXT 2004"]
[Source "ChessBase"]
[SourceDate "2003.11.25"]
[SourceVersion "1"]
[SourceVersionDate "2003.11.25"]
[SourceQuality "1"]

1. c4 g6 2. Nf3 Bg7 3. g3 e5 4. Nc3 Nc6 5. Bg2 d6 6. 0-0 f5 7. d3 h6 8. Rb1 a5 9. a3 Nf6 10. b4 axb4 11. axb4 0-0 12. b5 Ne7 13. c5 Be6 14. Bb2 Nd7 15. cxd6 cxd6 16. e4 f4 17. d4 Kh7 18. d5 Bf7 19. Nd2 g5 20. Nc4 Nf6 21. b6 Ng6 22. Nb5 g4 23. Re1 f3 24. Bf1 Ne8 25. Ba3 Rxa3 26. Nbxa3 h5 27. Na5 Qa8 28. Qd2 Bh6 29. Qb4 h4 30. Nb5 Rh8 31. Nc7 Qd8 32. Nxb7 Qg5 33. Nxe8 Bxe8 34. Nxd6 Rf8 35. b7 hxg3 36. hxg3 Nf4 37. b8Q Qh5 38. Qc7+ Kg8 39. Nf5 Rxf5 40. Qbc4 Rf6 41. d6+ Bf7 42. Rb8+ Kg7 43. d7 Bxc4 44. Qxc4 Bg5 45. Qg8+ Kh6 46. Qh8+ Kg6 47. Rg8+ Kf7 48. Qg7+ Ke6 49. Re8+ 1-0

[Event "GRE-ch"]
[Site "Athens"]
[Date "2002.12.05"]
[Round "8"]
[White "Anagnostopoulos, Dimitrios"]
[Black "Mihailidis, Anastasios"]
[Result "1/2-1/2"]
[WhiteElo "2438"]
[BlackElo "2205"]
[PlyCount "55"]
[EventDate "2002.11.28"]
[EventType "tourn"]
[EventRounds "9"]
[EventCountry "GRE"]
[EventCategory "8"]
[SourceTitle "CBM 091 Extra"]
[Source "ChessBase"]
[SourceDate "2003.01.09"]
[SourceVersion "1"]
[SourceVersionDate "2003.01.09"]
[SourceQuality "1"]

1. e4 e5 2. Nf3 Nc6 3. Bb5 f5 4. Nc3 fxe4 5. Nxe4 d5 6. Nxe5 dxe4 7. Nxc6 Qg5 8. Qe2 Nf6 9. f4 Qh4+ 10. g3 Qh3 11. Ne5+ c6 12. Bc4 Bc5 13. c3 Bf5 14. d4 exd3 15. Nxd3+ Be7 16. Ne5 0-0-0 17. Bd2 Bc5 18. 0-0-0 Rhe8 19. Be3 Rxd1+ 20. Rxd1 Bxe3+ 21. Qxe3 Qxh2 22. Bb3 h5 23. Qd4 Qxg3 24. Bf7 Qh2 25. Rd2 Qh1+ 26. Rd1 Qh2 27. Rd2 Qh1+ 28. Rd1 1/2-1/2

[Event "Bayern-chI Bank Hofmann 6th"]
[Site "Bad Wiessee"]
[Date "2002.10.27"]
[Round "2"]
[White "Kneutgen, Alexander"]
[Black "Anagnostopoulos, Dimitrios"]
[Result "0-1"]
[WhiteElo "2161"]
[BlackElo "2438"]
[PlyCount "76"]
[EventDate "2002.10.26"]
[EventType "swiss"]
[EventRounds "9"]
[EventCountry "GER"]
[SourceTitle "EXT 2003"]
[Source "ChessBase"]
[SourceDate "2002.11.25"]
[SourceVersion "1"]
[SourceVersionDate "2002.11.25"]
[SourceQuality "1"]

1. e4 d6 2. Nc3 g6 3. g3 Bg7 4. Bg2 c5 5. d3 Nc6 6. f4 e6 7. Nf3 Nge7 8. 0-0 0-0 9. Be3 Nd4 10. e5 Nef5 11. Bf2 Bd7 12. Ne4 Nxf3+ 13. Bxf3 dxe5 14. fxe5 Bxe5 15. c3 b6 16. g4 Nh4 17. Bh1 Rc8 18. Bg3 Bg7 19. Qe1 g5 20. Bxh4 gxh4 21. g5 f5 22. gxf6 Bxf6 23. Qe2 Qe7 24. Rf2 Bg7 25. Raf1 Rf5 26. Bg2 Kh8 27. Bh3 Rg8 28. Rg2 Rxf1+ 29. Qxf1 Bc6 30. Qe2 Rd8 31. Rg4 b5 32. Ng5 e5 33. Qf2 Bf6 34. Ne4 Bxe4 35. dxe4 Bg5 36. Qf5 h6 37. Rg2 Rf8 38. Rxg5 Qxg5+ 0-1

[Event "Bergen Sommer op"]
[Site "Bergen"]
[Date "2002.07.27"]
[Round "8"]
[White "Berelowitsch, Alexander"]
[Black "Anagnostopoulos, Dimitrios"]
[Result "1-0"]
[WhiteElo "2533"]
[BlackElo "2446"]
[PlyCount "93"]
[EventDate "2002.07.20"]
[EventType "swiss"]
[EventRounds "9"]
[EventCountry "NOR"]
[SourceTitle "CBM 089 Extra"]
[Source "ChessBase"]
[SourceDate "2002.09.10"]
[SourceVersion "2"]
[SourceVersionDate "2002.09.10"]
[SourceQuality "1"]

1. e4 c5 2. Nf3 d6 3. d4 cxd4 4. Nxd4 Nf6 5. Nc3 g6 6. Be3 Bg7 7. f3 0-0 8. Qd2 Nc6 9. 0-0-0 d5 10. Kb1 Rb8 11. Nb3 e6 12. Be2 Re8 13. g4 a6 14. g5 Nh5 15. f4 d4 16. Nxd4 Nxd4 17. Bxh5 e5 18. fxe5 Nc6 19. Qxd8 Rxd8 20. Rxd8+ Nxd8 21. Be2 Bxe5 22. Nd5 Nc6 23. Nf6+ Kg7 24. Rf1 Be6 25. h4 Rc8 26. c3 b5 27. h5 gxh5 28. Nxh5+ Kh8 29. Nf4 Bxf4 30. Rxf4 Kg7 31. b4 Re8 32. Kb2 Bh3 33. Bh5 Re7 34. Bc5 Rd7 35. Rf6 Be6 36. Kc2 a5 37. a3 axb4 38. axb4 Rd8 39. Be2 Rb8 40. Rh6 Kg8 41. Bd3 Rb7 42. e5 Nxe5 43. Bxh7+ Kg7 44. Bd4 f6 45. Bxe5 fxe5 46. Rxe6 Kxh7 47. Rxe5 1-0

[Event "Budapest FS04 GM-B"]
[Site "Budapest"]
[Date "2002.04.09"]
[Round "8"]
[White "Pipa, Alexander"]
[Black "Anagnostopoulos, Dimitrios"]
[Result "0-1"]
[WhiteElo "2380"]
[BlackElo "2453"]
[PlyCount "112"]
[EventDate "2002.04.02"]
[EventType "tourn"]
[EventRounds "13"]
[EventCountry "HUN"]
[EventCategory "7"]
[SourceTitle "CBM 087 Extra"]
[Source "ChessBase"]
[SourceDate "2002.05.03"]
[SourceVersion "2"]
[SourceVersionDate "2002.08.09"]
[SourceQuality "1"]

1. e4 c5 2. Nf3 d6 3. d4 cxd4 4. Qxd4 Nc6 5. Bb5 Bd7 6. Bxc6 Bxc6 7. Nc3 Nf6 8. Bg5 e6 9. 0-0-0 Be7 10. Rhe1 0-0 11. Kb1 Qc7 12. Qd2 Rfd8 13. Nd4 a6 14. f3 Be8 15. g4 b5 16. Nce2 h6 17. Be3 d5 18. e5 Nd7 19. f4 Nc5 20. Ng3 Ne4 21. Qg2 Bh4 22. Rh1 Nc5 23. Qh3 Be7 24. Qg2 b4 25. h4 g6 26. Qf3 a5 27. f5 Qxe5 28. Bxh6 Bd6 29. Rhg1 Ne4 30. Nde2 Qh8 31. Nxe4 dxe4 32. Qxe4 Qxh6 33. Rxd6 exf5 34. Rxd8 fxe4 35. Rxa8 Kf8 36. Rd1 Qe3 37. Nc1 Ke7 38. Rxa5 Bd7 39. g5 Be6 40. Rb5 Qf4 41. Rb7+ Ke8 42. Rxb4 Qxh4 43. Rdd4 Bf5 44. Rd5 Qe1 45. Rb7 e3 46. Re5+ Kd8 47. Rb3 Qd2 48. Rxf5 gxf5 49. Rd3+ Ke8 50. c4 Qf2 51. Rd5 f4 52. c5 Qf3 53. Re5+ Kd7 54. b4 Qf1 55. Re4 Kc6 56. a4 Kd5 0-1

[Event "Budapest FS04 GM-B"]
[Site "Budapest"]
[Date "2002.04.07"]
[Round "6"]
[White "Gara, Anita"]
[Black "Anagnostopoulos, Dimitrios"]
[Result "1-0"]
[WhiteElo "2339"]
[BlackElo "2453"]
[PlyCount "74"]
[EventDate "2002.04.02"]
[EventType "tourn"]
[EventRounds "13"]
[EventCountry "HUN"]
[EventCategory "7"]
[SourceTitle "CBM 087 Extra"]
[Source "ChessBase"]
[SourceDate "2002.05.03"]
[SourceVersion "2"]
[SourceVersionDate "2002.08.09"]
[SourceQuality "1"]

1. e4 d6 2. d4 Nf6 3. Nc3 g6 4. h3 Bg7 5. Nge2 0-0 6. Be3 c6 7. a4 a5 8. g4 h5 9. g5 Nfd7 10. f4 e5 11. dxe5 dxe5 12. f5 Re8 13. h4 Bf8 14. Ng3 Bc5 15. fxg6 fxg6 16. Bc4+ Kh7 17. Bxc5 Nxc5 18. 0-0 Bg4 19. Rf7+ Kh8 20. Qxd8 Rxd8 21. Rf6 Kg7 22. Rf7+ Kh8 23. Re7 Nbd7 24. Rf1 Nb6 25. Bf7 Rd6 26. Rxe5 Ncxa4 27. Nxa4 Nxa4 28. b3 Nc3 29. Re7 b5 30. e5 Rd2 31. Bxg6 a4 32. bxa4 bxa4 33. Be8 Rd1 34. Rxd1 Bxd1 35. g6 Rxe8 36. Rxe8+ Kg7 37. Re6 Bxc2 1-0

[Event "Dos Hermanas Qualifier"]
[Site "ICC INT"]
[Date "2000.03.18"]
[Round "1.2"]
[White "Anagnostopoulos, Dimitrios"]
[Black "Gershon, Alik"]
[Result "1-0"]
[WhiteElo "2459"]
[BlackElo "2471"]
[PlyCount "82"]
[EventDate "2000.03.18"]
[EventType "k.o."]
[EventRounds "5"]
[EventCountry "USA"]
[SourceTitle "EXT 2001"]
[Source "ChessBase"]
[SourceDate "2000.11.22"]
[SourceVersion "1"]
[SourceVersionDate "2000.11.22"]
[SourceQuality "1"]

1. e4 e6 2. d4 d5 3. Nc3 Be7 4. Nf3 Nf6 5. Bd3 c5 6. exd5 exd5 7. 0-0 c4 8. Be2 0-0 9. Ne5 Nc6 10. Bf4 Bf5 11. Re1 Re8 12. Qd2 Bb4 13. Bf3 Be4 14. Be2 h6 15. a3 Ba5 16. b4 cxb3 17. cxb3 Rc8 18. b4 Bb6 19. Nxc6 bxc6 20. Ba6 Rc7 21. Bxc7 Bxc7 22. Bd3 Ng4 23. Bxe4 Bxh2+ 24. Kf1 dxe4 25. Rxe4 Rxe4 26. Nxe4 Qd5 27. Re1 Bc7 28. f3 Qf5 29. Qc2 g6 30. Qxc6 Bb6 31. Qd6 h5 32. a4 h4 33. a5 h3 34. axb6 h2 35. Ke2 Qb5+ 36. Kd2 Qa4 37. fxg4 Qa2+ 38. Ke3 Qxg2 39. b7 Qg1+ 40. Kd3 h1Q 41. b8Q+ Kh7 1-0

[Event "Dos Hermanas Qualifier"]
[Site "ICC INT"]
[Date "2000.03.18"]
[Round "1.1"]
[White "Gershon, Alik"]
[Black "Anagnostopoulos, Dimitrios"]
[Result "1/2-1/2"]
[WhiteElo "2471"]
[BlackElo "2459"]
[PlyCount "123"]
[EventDate "2000.03.18"]
[EventType "k.o."]
[EventRounds "5"]
[EventCountry "USA"]
[SourceTitle "EXT 2001"]
[Source "ChessBase"]
[SourceDate "2000.11.22"]
[SourceVersion "1"]
[SourceVersionDate "2000.11.22"]
[SourceQuality "1"]

1. d4 Nf6 2. Bg5 Ne4 3. Bf4 c5 4. d5 Qb6 5. Bc1 d6 6. f3 Nf6 7. c4 g6 8. Nc3 Bg7 9. e4 0-0 10. a4 e6 11. Nge2 exd5 12. cxd5 Na6 13. Ng3 Nb4 14. Bc4 h5 15. 0-0 h4 16. Nge2 Nh7 17. Kh1 Qd8 18. Nf4 Bd7 19. Be3 Qe7 20. Qd2 Kh8 21. Rae1 Be5 22. Nfe2 Bg7 23. Bh6 a6 24. Bxg7+ Kxg7 25. f4 Rab8 26. a5 Rbe8 27. Ng1 Qd8 28. e5 Bf5 29. Nf3 h3 30. gxh3 Qxa5 31. Nh4 Bxh3 32. Rg1 b5 33. f5 bxc4 34. f6+ Kh8 35. Qh6 Rg8 36. Nxg6+ fxg6 37. f7 Nd3 38. Rxg6 Nf2+ 39. Kg1 Rxg6+ 40. Qxg6 Rf8 41. e6 Bxe6 42. dxe6 Nh3+ 43. Kf1 Nf4 44. Qf5 Nxe6 45. Rxe6 Qa1+ 46. Re1 Qxb2 47. Ne4 Qd4 48. Re2 d5 49. Nd6 Qf6 50. Qxf6+ Nxf6 51. Rf2 Ne4 52. Nxe4 dxe4 53. Ke2 Kg7 54. Rf5 Rxf7 55. Rxc5 Kf6 56. Ke3 Re7 57. Rxc4 Kf5 58. Rc5+ Kg4 59. Rc6 a5 60. Rc5 a4 61. Ra5 Kh3 62. Rxa4 1/2-1/2

[Event "Glyfada op 2nd"]
[Site "Glyfada"]
[Date "2000.??.??"]
[Round "5"]
[White "Anagnostopoulos, Dimitrios"]
[Black "Bagaturov, Giorgi"]
[Result "1/2-1/2"]
[WhiteElo "2459"]
[BlackElo "2501"]
[PlyCount "73"]
[EventDate "2000.08.??"]
[EventType "swiss"]
[EventRounds "9"]
[EventCountry "GRE"]
[SourceTitle "EXT 2001"]
[Source "ChessBase"]
[SourceDate "2000.11.22"]
[SourceVersion "1"]
[SourceVersionDate "2000.11.22"]
[SourceQuality "1"]

1. Nf3 Nf6 2. g3 g6 3. Bg2 Bg7 4. 0-0 0-0 5. d3 d5 6. Nbd2 Nc6 7. e4 e5 8. c3 a5 9. a4 h6 10. exd5 Nxd5 11. Nc4 Re8 12. Re1 Bf5 13. Nh4 Be6 14. Nf3 f6 15. Qc2 Bf7 16. Bd2 f5 17. Re2 Nb6 18. Nxb6 cxb6 19. h4 Rc8 20. Be3 Qc7 21. Qd2 Kh7 22. h5 g5 23. Bxg5 Bxh5 24. Bh4 Ne7 25. Bxe7 Rxe7 26. Rae1 Bf6 27. Re3 Rg8 28. Kf1 Reg7 29. Nxe5 f4 30. Re4 fxg3 31. f4 Rf8 32. Kg1 Be8 33. b3 Bxe5 34. Rxe5 Bc6 35. d4 Bxg2 36. Kxg2 Qd6 37. Qd3+ 1/2-1/2

[Event "Monarch Assurance 08th"]
[Site "Port Erin"]
[Date "1999.11.07"]
[Round "2"]
[White "Goodger, Martyn"]
[Black "Anagnostopoulos, Dimitrios"]
[Result "0-1"]
[WhiteElo "2185"]
[BlackElo "2456"]
[PlyCount "86"]
[EventDate "1999.11.06"]
[EventType "swiss"]
[EventRounds "9"]
[EventCountry "IOM"]
[SourceTitle "CBM 074"]
[Source "ChessBase"]
[SourceDate "2000.02.01"]
[SourceVersion "1"]
[SourceVersionDate "2000.02.01"]
[SourceQuality "1"]

1. e4 c5 2. c3 Nf6 3. e5 Nd5 4. d4 cxd4 5. Nf3 e6 6. cxd4 d6 7. a3 Bd7 8. Bd3 Bc6 9. 0-0 Nd7 10. Re1 Be7 11. b4 a6 12. Nbd2 Nc3 13. Qb3 Rc8 14. Qxc3 Bxf3 15. Qb3 Bd5 16. Qd1 dxe5 17. dxe5 0-0 18. Re3 Bg5 19. Rh3 g6 20. Bb2 Bf4 21. Qe1 Qg5 22. Ne4 Bxe4 23. Bxe4 Rc7 24. Rd1 Bxe5 25. Bc1 Bf4 26. Bb2 Nb6 27. Rhd3 Nc4 28. Ba1 Be5 29. Bxe5 Qxe5 30. Bf3 Qf6 31. Qc3 Qe7 32. h3 h5 33. Qd4 e5 34. Qa1 e4 35. Re1 exd3 36. Rxe7 Rxe7 37. Qd4 Ne5 38. Bd1 Nc6 39. Qc3 Rd8 40. g4 d2 41. gxh5 Re1+ 42. Kg2 Rxd1 43. hxg6 Rg1+ 0-1

[Event "GRE-ch 48th"]
[Site "Athens"]
[Date "1998.12.20"]
[Round "8"]
[White "Mastrovasilis, Dimitrios"]
[Black "Anagnostopoulos, Dimitrios"]
[Result "0-1"]
[WhiteElo "2280"]
[BlackElo "2445"]
[PlyCount "48"]
[EventDate "1998.12.08"]
[EventType "tourn"]
[EventRounds "11"]
[EventCountry "GRE"]
[EventCategory "7"]
[SourceTitle "CBM 069"]
[Source "ChessBase"]
[SourceDate "1999.04.01"]
[SourceVersion "1"]
[SourceVersionDate "1999.04.01"]
[SourceQuality "1"]

1. e4 c5 2. b3 e6 3. Bb2 d5 4. Nc3 Nf6 5. e5 Nfd7 6. f4 Be7 7. Qh5 0-0 8. Bd3 f5 9. exf6 Nxf6 10. Qe2 Nc6 11. Nf3 Bd6 12. Ne5 a6 13. 0-0 c4 14. bxc4 Qb6+ 15. Kh1 Qxb2 16. g4 g6 17. c5 Bxc5 18. g5 Nh5 19. Rab1 Qa3 20. Nxg6 hxg6 21. Bxg6 Ng7 22. Qd3 Ne7 23. Bh7+ Kf7 24. Qh3 Nef5 0-1

[Event "GRE-ch 48th"]
[Site "Athens"]
[Date "1998.12.19"]
[Round "7"]
[White "Halkias, Stelios"]
[Black "Anagnostopoulos, Dimitrios"]
[Result "1-0"]
[WhiteElo "2435"]
[BlackElo "2445"]
[PlyCount "93"]
[EventDate "1998.12.08"]
[EventType "tourn"]
[EventRounds "11"]
[EventCountry "GRE"]
[EventCategory "7"]
[SourceTitle "CBM 069"]
[Source "ChessBase"]
[SourceDate "1999.04.01"]
[SourceVersion "1"]
[SourceVersionDate "1999.04.01"]
[SourceQuality "1"]

1. d4 Nf6 2. c4 g6 3. Nc3 Bg7 4. e4 d6 5. Nf3 0-0 6. Be2 e5 7. Be3 Ng4 8. Bg5 f6 9. Bh4 Nc6 10. d5 Ne7 11. Nd2 Nh6 12. f3 g5 13. Bf2 f5 14. c5 Ng6 15. 0-0 Nf4 16. Nc4 Rf6 17. cxd6 cxd6 18. a4 Rg6 19. exf5 Nxf5 20. Bd3 g4 21. fxg4 Nxd3 22. Qxd3 Rxg4 23. Ne4 Bh6 24. Rae1 Qe7 25. Kh1 Rg6 26. Rg1 b5 27. axb5 Bb7 28. Na5 Qf7 29. Nc6 Kh8 30. Ref1 Rag8 31. Be1 Bc8 32. Bc3 Qe8 33. Rf3 Bg7 34. Bb4 Rg4 35. Rh3 Qg6 36. Nxd6 e4 37. Qa3 Bf6 38. Bc3 Rf4 39. Bxf6+ Qxf6 40. Nxc8 e3 41. N8e7 e2 42. Qd3 Rf2 43. Nxg8 Qg7 44. Qe4 Kxg8 45. Qe8+ Qf8 46. Qxf8+ Kxf8 47. Rf3 1-0

[Event "GRE-ch 48th"]
[Site "Athens"]
[Date "1998.12.16"]
[Round "4"]
[White "Anagnostopoulos, Dimitrios"]
[Black "Markidis, Konstantinos"]
[Result "1/2-1/2"]
[WhiteElo "2445"]
[BlackElo "2295"]
[PlyCount "35"]
[EventDate "1998.12.08"]
[EventType "tourn"]
[EventRounds "11"]
[EventCountry "GRE"]
[EventCategory "7"]
[SourceTitle "CBM 069"]
[Source "ChessBase"]
[SourceDate "1999.04.01"]
[SourceVersion "1"]
[SourceVersionDate "1999.04.01"]
[SourceQuality "1"]

1. e4 e5 2. Nf3 Nc6 3. Bb5 a6 4. Ba4 Nf6 5. 0-0 Be7 6. Re1 b5 7. Bb3 d6 8. c3 0-0 9. h3 h6 10. d4 Re8 11. Nbd2 Bf8 12. Bc2 Bd7 13. Nf1 g6 14. Ng3 Bg7 15. b3 Rb8 16. Bb2 Kh7 17. Qd2 Na5 18. Kh2 1/2-1/2

[Event "Kavala op 08th"]
[Site "Kavala"]
[Date "1998.08.18"]
[Round "8"]
[White "Nikolaidis, Ioannis"]
[Black "Anagnostopoulos, Dimitrios"]
[Result "1-0"]
[WhiteElo "2530"]
[BlackElo "2445"]
[PlyCount "73"]
[EventDate "1998.08.??"]
[EventType "swiss"]
[EventRounds "9"]
[EventCountry "GRE"]
[SourceTitle "EXT 2004"]
[Source "ChessBase"]
[SourceDate "2003.11.25"]
[SourceVersion "1"]
[SourceVersionDate "2003.11.25"]
[SourceQuality "1"]

1. d4 Nf6 2. c4 g6 3. Nc3 Bg7 4. e4 d6 5. h3 0-0 6. Nf3 e5 7. d5 Na6 8. Be3 Qe8 9. Be2 Nh5 10. Nh2 Nf4 11. Bf3 f5 12. 0-0 Qe7 13. Kh1 Bd7 14. a3 Nc5 15. b4 fxe4 16. Nxe4 Ba4 17. Qb1 Nb3 18. Bd1 Nxa1 19. Bxa4 Qh4 20. Nf3 Qh5 21. Ng3 Qh6 22. Qe4 b5 23. cxb5 a5 24. bxa5 Rxa5 25. Rxa1 g5 26. Nh2 Qg6 27. Bc2 Qxe4 28. Bxe4 Rxb5 29. a4 Ra8 30. Nf3 Rba5 31. Rc1 Rxa4 32. Rxc7 h6 33. Rd7 Bf8 34. Bf5 Kh8 35. Bxf4 exf4 36. Rh7+ Kg8 37. Nh5 1-0